000 00562nam a22001937a 4500
003 OSt
008 260430b |||||||| |||| 00| 0 eng d
082 _a634.6
_bS11B
100 _aSahay, Sanjay.
245 _aBearing Behaviour and Quality Characters of Some Litchi (Litchi chinensis Sonn.) Cultivars /
_cby Sanjay Sahay
260 _a.- Sabour, Bhagalpur
_b: Bihar Agricultural College, RAU
_c, 2001
300 _a144p.
502 _bPh. D.
_d2001
650 _aHorticulture
650 _aLitchi
650 _aThesis
650 _aPh. D.
942 _2ddc
_cT
999 _c50340
_d50340